000 00350nam a2200133Ia 4500
008 151001s9999||||xx |||||||||||||| ||und||
100 _aयमुनाबाई हिर्लेकर
245 _aभक्ती वेल
250 _a1
260 _bकेशरी प्रकाशन
260 _c1972
300 _a74
365 _b18
999 _c955870
_d955867